Gaming Quiz

Random Gaming or Color Quiz

How many planeswalkers can you name? Quiz Stats

 Plays Quiz not verified by Sporcle

Score 0/40 Timer 10:00
0 Plays Today
Colors Answer % Correct
WrGAjani
100%
WGideon
100%
UJace
100%
rTibalt
100%
BGVraska
100%
wuDovin
100%
WRgHuatli
100%
rJaya
100%
UBRBolas
96.3%
RChandra
96.3%
bGGarruk
96.3%
CKarn
96.3%
BLiliana
96.3%
uGNissa
96.3%
WBSorin
96.3%
UGKiora
92.6%
WrNahiri
92.6%
wuNarset
92.6%
cUgin
92.6%
BRAngrath
90%
Colors Answer % Correct
rgSamut
90%
wubrgUrza
90%
ubAshiok
88.9%
bRDaretti
88.9%
rgDomri
88.9%
WElspeth
88.9%
wUgTamiyo
88.9%
wUTeferi
88.9%
wuVenser
88.9%
urDack
85.2%
gFreyalise
85.2%
urRal
85.2%
ubRGSarkhan
85.2%
UBTezzeret
85.2%
rgXenagos
85.2%
rgArlinn
81.5%
wbKaya
81.5%
rKoth
81.5%
BNixilis
81.5%
urSaheeli
80%

You're not logged in!

Compare scores with friends on all Sporcle quizzes.
OR
Log In

Sporcle TV

Today on Sporcle TV


Watch our educational content, quiz creation guides, and fun videos on Sporcle TV.

Show Comments

Extras

Top Quizzes Today


Score Distribution

Your Account Isn't Verified!

In order to create a playlist on Sporcle, you need to verify the email address you used during registration. Go to your Sporcle Settings to finish the process.

Report this User

Report this user for behavior that violates our Community Guidelines.

Details: